Runaway horses

Uloženo v:
Podrobná bibliografie
Hlavní autor: Mishima, Yukio
Médium: Kniha
Jazyk:angličtina
Tagy: Přidat tag
Žádné tagy, Buďte první, kdo vytvoří štítek k tomuto záznamu!

MARC

LEADER 00000nam a2200000 4500
001 CDOM0000002331
003 mi
005 20250728154719.0
008 250728b |||||||| |||| 00| 0 eng d
040 |c mi 
100 |a Mishima, Yukio 
245 1 |a Runaway horses  
942 |2 ddc  |c BK 
952 |0 0  |1 0  |2 ddc  |4 0  |7 0  |9 5929  |a MI  |b MI  |d 1987-08-30  |i 518  |l 0  |p CDOM518  |r 2025-07-13 16:28:00  |w 2025-07-13  |x DONO  |y BK 
999 |c 4735  |d 4735